00610nam a2200181 a 45000010005000000030009000050080041000140400028000550820015000831000032000982450030001302600047001603000010002076500033002179420012002509990017002629520149002795011CO-ViMGA141112s2004 ck r 000 u spa d aCO-ViMGAbspacCO-ViMGA04a382.6 A2311 aAcebal, Oscar Ricardo9321710aTecnicas de exportación aSantafé de Argentina, cRubinzal, c1991 a258 p14aEXPORTACION - TECNICAS93218 2ddccBK c17013d17013 00102ddc40708003aMEVIECARbMEVIECARd2015-12-04hVolumen. 1 | 11/jun/2009l0o382.6 A231 p5011r2015-12-04 00:00:00tEj. 1w2015-12-04yBK